Novinky v anestéziológii, algeziológii a intenzívnej medicíne 2018 4. postgraduálny kurz CEEA : Košice 28.-30.11.2018
| Corporate Author: | |
|---|---|
| Other Authors: | |
| Format: | Conference Proceeding Book |
| Language: | Slovak Czech English |
| PhysicalDescription: | 236 strán fotografie, grafy, ilustrácie, schémy, tabuľky 30 cm |
| Published: |
Prešov
Pavol Šidelský - Akcent print
[2018]
|
| ISBN: | 9788089295876 |
| Subjects: |
MARC
| LEADER | 00000nam a2200000 4500 | ||
|---|---|---|---|
| 001 | vtls012022345 | ||
| 003 | SK-MaSNL | ||
| 005 | 20260301204415.0 | ||
| 008 | 210412s2018 xo odalfrn 100 0 slo | ||
| 015 | |a SNBA2021/09 | ||
| 020 | |a 9788089295876 |q (brožované) | ||
| 040 | |a SNK |b slo |c SNK |e rda | ||
| 041 | 0 | |a slo |a cze |a eng | |
| 044 | |a xo |c SK | ||
| 072 | 7 | |a 616 |x Patológia. Klinická medicína |2 konspekt | |
| 080 | |a 616-089.5 |2 2011 | ||
| 080 | |a 616.8-009.7-08 |2 2011 | ||
| 080 | |a 616-083.98 |2 2011 | ||
| 080 | |a 378.046.4 |2 2001 | ||
| 080 | |a (082) |2 2011 | ||
| 111 | 2 | |a Novinky v anestéziológii, algeziológii a intenzívnej medicíne - postgraduálny kurz |n (4. : |d 2018 : |c Košice, Slovensko) |4 aut |9 589142 | |
| 245 | 1 | 0 | |a Novinky v anestéziológii, algeziológii a intenzívnej medicíne 2018 |b 4. postgraduálny kurz CEEA : Košice 28.-30.11.2018 |c usporiadateľ zborníka: Štefan Trenkler |
| 264 | 1 | |a Prešov |b Pavol Šidelský - Akcent print |c [2018] | |
| 300 | |a 236 strán |b fotografie, grafy, ilustrácie, schémy, tabuľky |c 30 cm | ||
| 336 | |a text |b txt |2 rdacontent | ||
| 337 | |a bez média |b n |2 rdamedia | ||
| 338 | |a zväzok |b nc |2 rdacarrier | ||
| 500 | |a Obsahuje zoznam autotov | ||
| 504 | |a Obsahuje bibliografie | ||
| 546 | |a Čiastočný text v angličtine a češtine | ||
| 650 | 0 | 7 | |a anestéziológia |2 SNKPH |9 2179 |
| 650 | 0 | 7 | |a algeziológia |2 SNKPH |9 15485 |
| 650 | 0 | 7 | |a intenzívna medicína |2 SNKPH |9 3511 |
| 650 | 0 | 7 | |a postgraduálne štúdium |2 SNKPH |9 69091 |
| 650 | 0 | 7 | |a Anesthesiology |2 SNKPHeng |9 342967 |
| 650 | 0 | 7 | |a Algesiology |2 SNKPHeng |9 397744 |
| 650 | 0 | 7 | |a Internal medicine |2 SNKPHeng |9 267482 |
| 650 | 0 | 7 | |a Postgraduate study |2 SNKPHeng |9 323669 |
| 650 | 0 | 7 | |a Papers of several authors |2 SNKPHeng |9 331031 |
| 655 | 7 | |a zborníky |2 SNKPH |9 70165 | |
| 700 | 1 | |a Trenkler, Štefan, |d 1949- |4 com |9 73171 | |
| 919 | |a 978-80-89295-87-6 | ||
| 958 | |a NB | ||
| 958 | |a MI | ||
| 999 | |c 906321 |d 908251 | ||
| 952 | |a SNK |b SNK |y PREZ |7 0 |p 17A1451629 |o snkSB 96442 |i snk2021/2895 |8 0 |0 0 |1 0 |4 0 |d 2021-04-12 |f 1 |l 0 |r 2025-05-19 00:00:00 |w 2026-02-24 | ||


